000 00249nam a2200097 a 4500
005 20201002040201.0
008 131204s2009 000 spa d
245 0 _aMis promesas son los hechos.
260 _a[Santo Domingo],
_c[2009].
999 _c41975
_d41975
040 _aDO-SdBNP